[Event "Hastings Masters"]
[Site "Horntye, Hastings"]
[Date "2018.01.05"]
[Round "9"]
[Board "29"]
[White "RAMSTAD, Havard"]
[Black "LOVELL, William Pm"]
[Result "1-0"]
[WhiteElo "1965"]
[BlackElo "1688"]
[PlyCount "0"]
[EventDate "2017.12.28"]
[EventRounds "9"]
[EventCountry "ENG"]

1. d4 {[%clk 1:40:33]} d5 {[%clk 1:40:55]} 2. Bf4 {[%clk 1:39:57]} Nf6
{[%clk 1:41:19]} 3. e3 {[%clk 1:40:22]} c5 {[%clk 1:41:47]} 4. c3
{[%clk 1:40:33]} Nc6 {[%clk 1:42:07]} 5. Nd2 {[%clk 1:40:26]} Bf5
{[%clk 1:42:32]} 6. Qb3 {[%clk 1:39:41]} Qd7 {[%clk 1:43:01]} 7. Ngf3
{[%clk 1:39:10]} c4 {[%clk 1:43:19]} 8. Qd1 {[%clk 1:39:03]} e6 {[%clk 1:43:45]}
9. Ne5 {[%clk 1:38:59]} Nxe5 {[%clk 1:42:51]} 10. Bxe5 {[%clk 1:38:18]} Be7
{[%clk 1:36:16]} 11. Bxf6 {[%clk 1:32:02]} Bxf6 {[%clk 1:35:53]} 12. e4
{[%clk 1:32:11]} Bg6 {[%clk 1:35:32]} 13. exd5 {[%clk 1:31:41]} exd5
{[%clk 1:35:28]} 14. Be2 {[%clk 1:31:42]} O-O {[%clk 1:35:33]} 15. O-O
{[%clk 1:31:56]} b5 {[%clk 1:34:54]} 16. Bf3 {[%clk 1:28:13]} Rab8
{[%clk 1:33:43]} 17. a3 {[%clk 1:27:05]} a5 {[%clk 1:21:27]} 18. Re1
{[%clk 1:24:39]} Rfe8 {[%clk 1:17:30]} 19. Rxe8+ {[%clk 1:13:15]} Rxe8
{[%clk 1:17:41]} 20. g3 {[%clk 1:11:56]} Bg5 {[%clk 1:17:03]} 21. Bg2
{[%clk 1:05:10]} Bxd2 {[%clk 1:15:43]} 22. Qxd2 {[%clk 1:05:00]} Be4
{[%clk 1:15:14]} 23. f3 {[%clk 1:02:34]} Bd3 {[%clk 1:12:43]} 24. Re1 Rxe1+
{[%clk 1:09:27]} 25. Qxe1 {[%clk 1:03:00]} Qe6 {[%clk 1:09:46]} 26. Qe5
{[%clk 0:47:02]} h6 27. Kf2 Kf8 {[%clk 0:48:45]} 28. f4 {[%clk 0:37:13]} Qxe5
{[%clk 0:45:39]} 29. fxe5 {[%clk 0:35:51]} Be4 {[%clk 0:45:59]} 30. Bxe4
{[%clk 0:36:07]} dxe4 {[%clk 0:46:22]} 31. Ke3 {[%clk 0:36:22]} Ke7
{[%clk 0:46:42]} 32. Kxe4 {[%clk 0:36:41]} 1-0

[Event "Hastings Masters"]
[Site "Horntye, Hastings"]
[Date "2018.01.05"]
[Round "9"]
[Board "30"]
[White "GRAHAM, David B"]
[Black "LARSEN, Andreas"]
[Result "1-0"]
[WhiteElo "2204"]
[BlackElo "1953"]
[PlyCount "0"]
[EventDate "2017.12.28"]
[EventRounds "9"]
[EventCountry "ENG"]

1. e4 {[%clk 1:40:59]} c6 {[%clk 1:40:56]} 2. d4 {[%clk 1:41:25]} d5
{[%clk 1:40:46]} 3. e5 {[%clk 1:41:28]} Bf5 {[%clk 1:41:07]} 4. Nf3
{[%clk 1:41:53]} e6 {[%clk 1:39:59]} 5. Be2 {[%clk 1:42:19]} Nd7 {[%clk 1:39:01]}
6. O-O {[%clk 1:42:43]} Qc7 {[%clk 1:37:37]} 7. Re1 {[%clk 1:36:45]} Be7
{[%clk 1:35:00]} 8. Nbd2 {[%clk 1:33:49]} f6 {[%clk 1:32:38]} 9. Nb3
{[%clk 1:29:23]} fxe5 {[%clk 1:26:22]} 10. dxe5 {[%clk 1:28:11]} Nh6
{[%clk 1:17:05]} 11. Nbd4 {[%clk 1:15:33]} O-O-O {[%clk 1:13:40]} 12. Bd3
{[%clk 1:10:26]} Bg4 {[%clk 1:05:30]} 13. h3 {[%clk 1:06:59]} Bxf3
{[%clk 1:03:42]} 14. Qxf3 {[%clk 1:02:52]} Nxe5 {[%clk 0:53:46]} 15. Qe2
{[%clk 1:00:50]} Nxd3 {[%clk 0:49:22]} 16. cxd3 {[%clk 0:58:36]} Bb4
{[%clk 0:42:56]} 17. Nxe6 {[%clk 0:53:59]} Qd7 {[%clk 0:42:13]} 18. Bf4
{[%clk 0:37:08]} g5 {[%clk 0:30:38]} 19. Bxg5 {[%clk 0:32:40]} Nf7
{[%clk 0:29:18]} 20. Bxd8 {[%clk 0:28:59]} Nxd8 {[%clk 0:29:03]} 21. Nxd8
{[%clk 0:27:38]} Bxe1 {[%clk 0:28:37]} 22. Rxe1 {[%clk 0:27:23]} Qxd8
{[%clk 0:28:33]} 23. Qg4+ {[%clk 0:24:19]} Kc7 {[%clk 0:28:03]} 24. Qf4+
{[%clk 0:24:23]} Kc8 {[%clk 0:25:59]} 25. Qf5+ {[%clk 0:24:42]} Kc7
{[%clk 0:26:14]} 26. Qe5+ {[%clk 0:24:10]} Kb6 {[%clk 0:24:48]} 27. Qd4+
{[%clk 0:23:23]} Kc7 {[%clk 0:23:46]} 28. Qxa7 {[%clk 0:23:07]} Re8
{[%clk 0:21:28]} 29. Qa5+ {[%clk 0:20:09]} b6 {[%clk 0:21:49]} 30. Qa7+
{[%clk 0:20:16]} Kd6 {[%clk 0:22:12]} 31. Rxe8 {[%clk 0:20:06]} Qxe8
{[%clk 0:22:33]} 32. Qxb6 {[%clk 0:20:17]} Qe2 {[%clk 0:22:40]} 33. Qd4
{[%clk 0:14:13]} c5 {[%clk 0:21:10]} 34. Qf6+ {[%clk 0:14:20]} Kc7
{[%clk 0:21:34]} 35. Qf5 {[%clk 0:13:30]} Qxb2 {[%clk 0:21:31]} 36. Qxh7+
{[%clk 0:12:11]} Kc6 {[%clk 0:21:32]} 37. Qg6+ {[%clk 0:12:14]} Kc7
{[%clk 0:21:56]} 38. h4 {[%clk 0:06:55]} Qc1+ {[%clk 0:20:11]} 39. Kh2
{[%clk 0:07:21]} c4 {[%clk 0:20:37]} 40. dxc4 {[%clk 0:07:36]} dxc4
{[%clk 0:21:00]} 41. h5 {[%clk 0:04:18]} Qf4+ {[%clk 0:17:34]} 42. Qg3
{[%clk 0:02:42]} Qxg3+ {[%clk 0:17:56]} 43. Kxg3 {[%clk 0:03:06]} c3
{[%clk 0:18:20]} 44. h6 {[%clk 0:03:33]} c2 {[%clk 0:18:45]} 45. h7
{[%clk 0:04:01]} c1=Q {[%clk 0:19:05]} 46. h8=Q {[%clk 0:04:29]} Qg5+
{[%clk 0:18:12]} 47. Kf3 {[%clk 0:02:07]} Qd5+ {[%clk 0:16:48]} 48. Ke3
{[%clk 0:01:51]} Qg5+ {[%clk 0:13:37]} 49. Kd3 {[%clk 0:44:03]} Qxg2
{[%clk 1:01:12]} 50. Qe5+ {[%clk 0:44:20]} Kd8 {[%clk 1:01:07]} 51. Qd4+
{[%clk 0:44:34]} Kc7 {[%clk 1:01:04]} 52. a4 {[%clk 0:43:32]} Qh3+
{[%clk 0:55:09]} 53. Kc2 {[%clk 0:43:14]} Qf5+ {[%clk 0:51:49]} 54. Kb2
{[%clk 0:43:38]} Qe6 {[%clk 0:49:34]} 55. f4 {[%clk 0:39:43]} Qe2+
{[%clk 0:48:26]} 56. Ka3 {[%clk 0:39:36]} Qf1 {[%clk 0:47:20]} 57. Qc5+
{[%clk 0:37:34]} Kd8 {[%clk 0:47:28]} 58. f5 {[%clk 0:36:33]} Qa1+
{[%clk 0:42:57]} 59. Kb4 {[%clk 0:36:58]} Qb2+ {[%clk 0:43:07]} 60. Ka5
{[%clk 0:36:54]} Qd2+ {[%clk 0:42:46]} 61. Kb6 {[%clk 0:36:49]} Qb2+
{[%clk 0:42:01]} 62. Kc6 {[%clk 0:36:57]} Ke8 {[%clk 0:41:28]} 63. a5
{[%clk 0:36:16]} Qf6+ {[%clk 0:40:22]} 64. Kb7 {[%clk 0:36:32]} Qf7+
{[%clk 0:38:51]} 65. Ka8 {[%clk 0:35:46]} Qb3 {[%clk 0:37:46]} 66. Qc6+
{[%clk 0:35:32]} Kf8 {[%clk 0:37:47]} 67. Qf6+ {[%clk 0:35:56]} 1-0

[Event "Hastings Masters"]
[Site "Horntye, Hastings"]
[Date "2018.01.05"]
[Round "9"]
[Board "31"]
[White "WITT, Holger"]
[Black "TSERENDORJ, Batsaikhan"]
[Result "0-1"]
[WhiteElo "1585"]
[BlackElo "2066"]
[PlyCount "0"]
[EventDate "2017.12.28"]
[EventRounds "9"]
[EventCountry "ENG"]

1. d4 {[%clk 1:40:56]} Nf6 {[%clk 1:28:11]} 2. Bg5 {[%clk 1:40:45]} g6
{[%clk 1:28:27]} 3. Bxf6 {[%clk 1:41:08]} exf6 {[%clk 1:28:54]} 4. e3
{[%clk 1:41:24]} d5 {[%clk 1:29:20]} 5. c4 {[%clk 1:38:30]} dxc4 {[%clk 1:29:28]}
6. Bxc4 {[%clk 1:38:56]} Bd6 {[%clk 1:29:53]} 7. Nc3 {[%clk 1:38:46]} c6
{[%clk 1:30:19]} 8. Bd3 {[%clk 1:33:40]} f5 {[%clk 1:30:26]} 9. Nf3
{[%clk 1:32:31]} Nd7 {[%clk 1:30:46]} 10. O-O {[%clk 1:30:17]} O-O
{[%clk 1:31:08]} 11. a3 {[%clk 1:30:02]} Re8 {[%clk 1:29:26]} 12. b4
{[%clk 1:22:00]} Nf6 {[%clk 1:29:40]} 13. Qc2 {[%clk 1:19:02]} Nd5
{[%clk 1:24:20]} 14. Nxd5 {[%clk 1:16:03]} cxd5 {[%clk 1:24:36]} 15. Rac1
{[%clk 1:13:01]} Be6 {[%clk 1:24:18]} 16. Qa4 {[%clk 1:09:58]} Qe7
{[%clk 1:22:50]} 17. Rc2 {[%clk 1:08:34]} f4 {[%clk 1:22:57]} 18. Bb5
{[%clk 1:06:28]} Red8 {[%clk 1:22:39]} 19. Rfc1 {[%clk 1:03:16]} fxe3
{[%clk 1:22:57]} 20. fxe3 {[%clk 1:02:32]} Bf5 {[%clk 1:23:21]} 21. Rc3
{[%clk 1:01:33]} a6 {[%clk 1:23:44]} 22. Be2 {[%clk 0:59:45]} h5 {[%clk 1:23:50]}
23. Qb3 {[%clk 0:59:03]} Kg7 {[%clk 1:23:27]} 24. Bd3 {[%clk 0:55:57]} Qxe3+
{[%clk 1:23:38]} 25. Kh1 {[%clk 0:55:39]} Rac8 {[%clk 1:22:51]} 26. Bxf5
{[%clk 0:52:02]} Qxc1+ {[%clk 1:22:53]} 27. Rxc1 {[%clk 0:52:09]} Rxc1+
{[%clk 1:23:20]} 28. Ng1 {[%clk 0:52:03]} Re8 {[%clk 1:22:35]} 29. g3
{[%clk 0:40:07]} Ree1 {[%clk 1:22:50]} 30. Kg2 {[%clk 0:40:35]} Rxg1+
{[%clk 1:23:07]} 31. Kh3 {[%clk 0:40:22]} gxf5 {[%clk 1:22:42]} 32. Qxd5
{[%clk 0:36:44]} Be7 {[%clk 1:22:57]} 33. Qxf5 {[%clk 0:36:34]} h4
{[%clk 1:23:17]} 34. Qg4+ {[%clk 0:33:17]} Kf8 {[%clk 1:23:41]} 35. Qh5
{[%clk 0:32:37]} Ke8 {[%clk 1:24:00]} 36. Qh8+ {[%clk 0:31:08]} Kd7
{[%clk 1:24:22]} 37. Qe5 {[%clk 0:31:19]} hxg3 {[%clk 1:24:11]} 38. hxg3
{[%clk 0:26:40]} Bd6 {[%clk 1:24:26]} 39. Qf5+ {[%clk 0:26:36]} Ke8
{[%clk 1:24:34]} 40. Qe4+ {[%clk 0:25:23]} Kf8 {[%clk 1:24:54]} 41. Qxb7
{[%clk 0:24:46]} Rxg3+ {[%clk 1:25:11]} 42. Kh4 {[%clk 0:25:12]} Rcg1
{[%clk 1:24:27]} 43. Qa8+ {[%clk 0:21:55]} Kg7 {[%clk 1:24:47]} 44. Qb7
{[%clk 0:18:40]} Rg6 {[%clk 1:24:55]} 0-1

[Event "Hastings Masters"]
[Site "Horntye, Hastings"]
[Date "2018.01.05"]
[Round "9"]
[Board "32"]
[White "SPANTON, Tim R"]
[Black "MUNSHI, Aditya"]
[Result "1/2-1/2"]
[WhiteElo "1880"]
[BlackElo "2001"]
[PlyCount "0"]
[EventDate "2017.12.28"]
[EventRounds "9"]
[EventCountry "ENG"]

1. c4 {[%clk 1:40:57]} Nf6 {[%clk 1:40:05]} 2. Nc3 {[%clk 1:41:21]} e6
{[%clk 1:39:28]} 3. e4 {[%clk 1:41:44]} d5 {[%clk 1:39:20]} 4. e5
{[%clk 1:42:08]} d4 {[%clk 1:39:39]} 5. exf6 {[%clk 1:42:31]} dxc3
{[%clk 1:40:05]} 6. fxg7 {[%clk 1:42:53]} cxd2+ {[%clk 1:38:59]} 7. Qxd2
{[%clk 1:43:17]} Qxd2+ {[%clk 1:38:17]} 8. Bxd2 {[%clk 1:43:40]} Bxg7
{[%clk 1:38:44]} 9. O-O-O {[%clk 1:44:02]} b6 {[%clk 1:31:16]} 10. Be2
{[%clk 1:44:24]} Bb7 {[%clk 1:29:20]} 11. Bf3 {[%clk 1:44:43]} Bxf3
{[%clk 1:22:03]} 12. Nxf3 {[%clk 1:45:05]} Nd7 {[%clk 1:17:06]} 13. Bf4
{[%clk 1:39:07]} O-O-O {[%clk 1:04:28]} 14. Rhe1 {[%clk 1:38:27]} Nc5
{[%clk 1:01:08]} 15. Kc2 {[%clk 1:35:49]} Rhg8 {[%clk 0:41:47]} 16. g3
{[%clk 1:35:10]} Bf6 {[%clk 0:37:01]} 17. Ne5 {[%clk 1:33:32]} Bxe5
{[%clk 0:35:22]} 18. Bxe5 {[%clk 1:33:29]} Rxd1 {[%clk 0:31:05]} 19. Rxd1
{[%clk 1:33:14]} Ne4 {[%clk 0:31:03]} 20. Bd4 {[%clk 1:30:26]} Rd8
{[%clk 0:23:57]} 21. Be3 {[%clk 1:29:03]} Rxd1 {[%clk 0:22:49]} 22. Kxd1
{[%clk 1:29:27]} Nd6 {[%clk 0:20:31]} 23. b3 {[%clk 1:28:58]} Kd7
{[%clk 0:16:20]} 24. Ke2 {[%clk 1:28:39]} 1/2-1/2

[Event "Hastings Masters"]
[Site "Horntye, Hastings"]
[Date "2018.01.05"]
[Round "9"]
[Board "33"]
[White "FORSTER, Matthew"]
[Black "WARNKE, Klaus"]
[Result "0-1"]
[WhiteElo "1979"]
[BlackElo "1716"]
[PlyCount "0"]
[EventDate "2017.12.28"]
[EventRounds "9"]
[EventCountry "ENG"]

1. c4 {[%clk 1:40:56]} Nf6 {[%clk 1:40:51]} 2. g3 {[%clk 1:41:03]} g6
{[%clk 1:41:07]} 3. Bg2 {[%clk 1:41:17]} Bg7 {[%clk 1:41:27]} 4. Nc3
{[%clk 1:41:32]} d6 {[%clk 1:41:20]} 5. Nf3 {[%clk 1:41:50]} O-O {[%clk 1:41:19]}
6. O-O {[%clk 1:42:14]} Nc6 {[%clk 1:41:25]} 7. Rb1 {[%clk 1:41:27]} a5
{[%clk 1:39:58]} 8. d3 {[%clk 1:41:03]} Bd7 {[%clk 1:39:02]} 9. a3
{[%clk 1:40:15]} Qc8 {[%clk 1:38:27]} 10. Re1 {[%clk 1:40:08]} e5
{[%clk 1:33:34]} 11. b4 {[%clk 1:39:08]} axb4 {[%clk 1:32:57]} 12. axb4
{[%clk 1:39:13]} Ne7 {[%clk 1:31:41]} 13. b5 {[%clk 1:37:24]} c6 {[%clk 1:29:56]}
14. Qb3 {[%clk 1:37:21]} Rb8 {[%clk 1:27:27]} 15. Ba3 {[%clk 1:36:31]} c5
{[%clk 1:26:46]} 16. Nd2 {[%clk 1:36:02]} Bh3 {[%clk 1:24:52]} 17. Bh1
{[%clk 1:36:18]} h5 {[%clk 1:24:56]} 18. Nde4 {[%clk 1:31:38]} Nf5
{[%clk 1:23:11]} 19. Nxf6+ {[%clk 1:24:24]} Bxf6 {[%clk 1:23:20]} 20. Ne4
{[%clk 1:24:22]} Be7 {[%clk 1:22:06]} 21. Bb2 {[%clk 1:20:42]} h4
{[%clk 1:21:30]} 22. Ra1 {[%clk 1:18:55]} hxg3 {[%clk 1:21:01]} 23. hxg3
{[%clk 1:15:42]} Kg7 {[%clk 1:21:09]} 24. Ra7 {[%clk 1:09:39]} Rh8
{[%clk 1:18:44]} 25. e3 {[%clk 0:58:49]} Bg4 {[%clk 1:14:33]} 26. Qa3
{[%clk 0:55:32]} Rxh1+ {[%clk 1:14:12]} 27. Kg2 {[%clk 0:48:11]} Rxe1
{[%clk 1:14:14]} 0-1

[Event "Hastings Masters"]
[Site "Horntye, Hastings"]
[Date "2018.01.05"]
[Round "9"]
[Board "34"]
[White "AUGUST, Daniel"]
[Black "LALLA, Karol"]
[Result "1-0"]
[WhiteElo "2056"]
[BlackElo "1600"]
[PlyCount "0"]
[EventDate "2017.12.28"]
[EventRounds "9"]
[EventCountry "ENG"]

1. c4 {[%clk 1:40:58]} f5 {[%clk 1:40:55]} 2. g3 {[%clk 1:41:23]} c6
{[%clk 1:41:21]} 3. Bg2 {[%clk 1:41:24]} Nf6 {[%clk 1:41:45]} 4. Nc3
{[%clk 1:40:57]} e6 {[%clk 1:42:09]} 5. d3 {[%clk 1:36:17]} d5 {[%clk 1:42:33]}
6. Nf3 {[%clk 1:28:45]} Bd6 {[%clk 1:42:57]} 7. O-O {[%clk 1:28:58]} Bd7
{[%clk 1:43:23]} 8. e4 {[%clk 1:26:53]} Qc7 {[%clk 1:41:22]} 9. cxd5
{[%clk 1:25:12]} O-O {[%clk 1:41:10]} 10. dxe6 {[%clk 1:21:26]} fxe4
{[%clk 1:40:43]} 11. Ng5 {[%clk 1:18:31]} Be8 {[%clk 1:40:41]} 12. Ncxe4
{[%clk 1:17:47]} h6 {[%clk 1:40:23]} 13. Nxf6+ {[%clk 1:16:16]} Rxf6
{[%clk 1:40:44]} 14. Ne4 {[%clk 1:16:29]} Rxe6 {[%clk 1:40:54]} 15. Bh3
{[%clk 1:16:16]} Re7 {[%clk 1:40:30]} 16. Nxd6 {[%clk 1:10:24]} Qxd6
{[%clk 1:40:58]} 17. Bf4 {[%clk 1:10:35]} Qd4 {[%clk 1:40:29]} 18. Qc2
{[%clk 1:10:15]} Bg6 {[%clk 1:40:49]} 19. Qc4+ {[%clk 1:08:53]} Qxc4
{[%clk 1:41:09]} 20. dxc4 {[%clk 1:09:20]} Bd3 {[%clk 1:41:25]} 21. Rfd1
{[%clk 1:09:42]} Bxc4 {[%clk 1:40:49]} 22. Rd8+ {[%clk 1:10:06]} Kf7
{[%clk 1:41:06]} 23. Rxb8 {[%clk 1:10:24]} Rxb8 {[%clk 1:41:10]} 24. Bxb8
{[%clk 1:10:49]} b5 {[%clk 1:41:24]} 25. Bf4 {[%clk 1:10:40]} Re2
{[%clk 1:41:38]} 26. b3 {[%clk 1:10:55]} Bd5 {[%clk 1:42:06]} 27. Be3
{[%clk 1:10:57]} c5 {[%clk 1:42:18]} 28. Bf1 {[%clk 1:11:14]} 1-0

[Event "Hastings Masters"]
[Site "Horntye, Hastings"]
[Date "2018.01.05"]
[Round "9"]
[Board "35"]
[White "FLYNN, David"]
[Black "KEARSLEY, Raymond J"]
[Result "1/2-1/2"]
[WhiteElo "1876"]
[BlackElo "1720"]
[PlyCount "0"]
[EventDate "2017.12.28"]
[EventRounds "9"]
[EventCountry "ENG"]

1. e4 {[%clk 1:40:26]} c5 {[%clk 1:40:53]} 2. c3 {[%clk 1:40:29]} g6
{[%clk 1:41:15]} 3. d4 {[%clk 1:40:54]} cxd4 {[%clk 1:41:38]} 4. cxd4
{[%clk 1:41:19]} d5 {[%clk 1:42:01]} 5. e5 {[%clk 1:41:46]} Nh6 {[%clk 1:42:04]}
6. Nc3 {[%clk 1:40:43]} Bg7 {[%clk 1:42:21]} 7. h3 {[%clk 1:39:23]} O-O
{[%clk 1:41:41]} 8. g4 {[%clk 1:39:00]} f6 {[%clk 1:41:04]} 9. exf6
{[%clk 1:38:50]} exf6 {[%clk 1:41:07]} 10. Bg2 {[%clk 1:37:23]} Be6
{[%clk 1:40:14]} 11. Qb3 {[%clk 1:34:51]} Nc6 {[%clk 1:39:36]} 12. Nge2
{[%clk 1:33:25]} Na5 {[%clk 1:34:27]} 13. Qb5 {[%clk 1:32:26]} a6
{[%clk 1:33:45]} 14. Qd3 {[%clk 1:31:46]} g5 {[%clk 1:30:22]} 15. f4
{[%clk 1:24:33]} gxf4 {[%clk 1:24:32]} 16. Nxf4 {[%clk 1:24:39]} Bf7
{[%clk 1:24:17]} 17. Be3 {[%clk 1:06:41]} Nc4 {[%clk 1:22:41]} 18. O-O-O
{[%clk 1:05:33]} Nb6 {[%clk 1:11:24]} 19. Rhe1 {[%clk 0:57:35]} Qd6
{[%clk 1:11:04]} 20. Qf1 {[%clk 0:50:18]} Rac8 {[%clk 1:09:27]} 21. Kb1
{[%clk 0:50:19]} Rfd8 {[%clk 0:57:44]} 22. Qf2 {[%clk 0:43:42]} Qb4
{[%clk 0:53:43]} 23. Nd3 {[%clk 0:41:53]} Bg6 {[%clk 0:52:21]} 24. Ka1
{[%clk 0:42:09]} Bxd3 {[%clk 0:49:55]} 25. Rxd3 {[%clk 0:42:29]} Nf7
{[%clk 0:41:09]} 26. a3 {[%clk 0:30:36]} Qc4 {[%clk 0:32:43]} 27. Bf1
{[%clk 0:28:38]} Nd6 {[%clk 0:31:17]} 28. Rc1 {[%clk 0:20:41]} Qc6
{[%clk 0:29:25]} 29. Rdd1 {[%clk 0:16:39]} Qd7 {[%clk 0:29:29]} 30. Bd3
{[%clk 0:13:11]} Re8 {[%clk 0:28:18]} 31. Bf4 {[%clk 0:10:00]} Ne4
{[%clk 0:26:33]} 32. Qg2 {[%clk 0:06:35]} Nxc3 {[%clk 0:26:44]} 33. Rxc3
{[%clk 0:05:23]} Rxc3 {[%clk 0:25:50]} 34. bxc3 {[%clk 0:05:51]} Qa4
{[%clk 0:25:27]} 35. Rc1 {[%clk 0:03:24]} Qxa3+ {[%clk 0:25:05]} 36. Qa2
{[%clk 0:03:33]} Qxa2+ {[%clk 0:23:18]} 37. Kxa2 {[%clk 0:04:02]} Nc4
{[%clk 0:20:58]} 38. Kb3 {[%clk 0:01:59]} b5 {[%clk 0:19:03]} 39. Bxc4 bxc4+
{[%clk 0:19:00]} 40. Kb4 {[%clk 0:00:47]} Bf8+ {[%clk 0:18:48]} 41. Ka5
{[%clk 0:01:08]} Re6 {[%clk 0:16:32]} 42. Rb1 {[%clk 0:01:25]} Kf7
{[%clk 0:16:27]} 43. Rb6 {[%clk 0:50:24]} Rxb6 {[%clk 1:05:51]} 44. Kxb6
{[%clk 0:50:51]} Ke6 {[%clk 1:06:04]} 45. Kxa6 {[%clk 0:51:08]} Ba3
{[%clk 1:03:26]} 46. Kb5 {[%clk 0:50:25]} Bf8 {[%clk 1:00:07]} 47. Kc6
{[%clk 0:50:42]} Ba3 {[%clk 1:00:19]} 48. Bh6 {[%clk 0:50:06]} 1/2-1/2

[Event "Hastings Masters"]
[Site "Horntye, Hastings"]
[Date "2018.01.05"]
[Round "9"]
[Board "36"]
[White "WILSON, Matthew R"]
[Black "PAGAMDULAM, Munkhdemberel"]
[Result "1-0"]
[WhiteElo "1782"]
[BlackElo "1175"]
[PlyCount "0"]
[EventDate "2017.12.28"]
[EventRounds "9"]
[EventCountry "ENG"]

1. Nf3 {[%clk 1:40:58]} Nc6 {[%clk 1:40:41]} 2. d4 {[%clk 1:41:22]} d5
{[%clk 1:40:41]} 3. g3 {[%clk 1:40:18]} g6 {[%clk 1:37:58]} 4. Bg2
{[%clk 1:40:15]} Bg7 {[%clk 1:37:56]} 5. O-O {[%clk 1:39:46]} Nf6
{[%clk 1:35:07]} 6. b3 {[%clk 1:36:49]} O-O {[%clk 1:35:00]} 7. Bb2
{[%clk 1:35:37]} Ne4 {[%clk 1:06:47]} 8. Nbd2 {[%clk 1:25:28]} e6
{[%clk 0:40:34]} 9. e3 {[%clk 1:19:55]} Nxd2 {[%clk 0:28:08]} 10. Qxd2
{[%clk 1:19:40]} f6 {[%clk 0:23:38]} 11. Rfd1 {[%clk 1:15:22]} Qe7
{[%clk 0:17:46]} 12. c4 {[%clk 1:11:05]} Bd7 {[%clk 0:16:44]} 13. Rac1
{[%clk 1:08:14]} Rad8 {[%clk 0:15:29]} 14. a3 {[%clk 1:06:42]} dxc4
{[%clk 0:13:42]} 15. bxc4 {[%clk 1:05:39]} e5 {[%clk 0:12:02]} 16. d5
{[%clk 1:04:23]} Bg4 {[%clk 0:11:53]} 17. h3 {[%clk 1:03:56]} Be6
{[%clk 0:10:34]} 18. Qc2 {[%clk 1:00:56]} Bd7 {[%clk 0:07:54]} 19. dxc6
{[%clk 0:58:38]} Bxc6 {[%clk 0:07:55]} 20. Qb3 {[%clk 0:55:00]} Kh8
{[%clk 0:07:59]} 21. Bc3 {[%clk 0:53:17]} Rxd1+ {[%clk 0:06:45]} 22. Rxd1
{[%clk 0:53:32]} Rd8 {[%clk 0:07:06]} 23. Bb4 {[%clk 0:53:22]} Qe8
{[%clk 0:06:37]} 24. Rxd8 {[%clk 0:49:24]} Qxd8 {[%clk 0:06:52]} 25. Qc2
{[%clk 0:49:08]} Qd7 {[%clk 0:06:17]} 26. Qd2 {[%clk 0:49:11]} Qxd2
{[%clk 0:05:27]} 27. Nxd2 {[%clk 0:49:26]} Bxg2 {[%clk 0:05:39]} 28. Kxg2
{[%clk 0:49:52]} Kg8 {[%clk 0:05:45]} 29. Ne4 {[%clk 0:50:05]} Kf7
{[%clk 0:05:45]} 30. Kf1 {[%clk 0:49:31]} b6 {[%clk 0:05:55]} 31. Ke2
{[%clk 0:49:07]} Ke6 {[%clk 0:05:48]} 32. Kd3 {[%clk 0:48:24]} h6
{[%clk 0:05:37]} 33. a4 {[%clk 0:48:43]} f5 {[%clk 0:05:52]} 34. Nc3
{[%clk 0:48:44]} e4+ {[%clk 0:05:52]} 35. Kc2 {[%clk 0:49:06]} c6
{[%clk 0:05:24]} 36. Ne2 {[%clk 0:49:05]} g5 {[%clk 0:05:24]} 37. Bc3
{[%clk 0:49:05]} Bxc3 {[%clk 0:05:26]} 38. Kxc3 {[%clk 0:49:32]} c5
{[%clk 0:05:18]} 39. Kb3 {[%clk 0:49:35]} Ke5 {[%clk 0:05:17]} 40. a5
{[%clk 0:49:55]} Kd6 {[%clk 0:04:51]} 41. Ka4 {[%clk 0:49:21]} Kc6
{[%clk 0:05:04]} 42. Nc3 {[%clk 0:49:25]} h5 {[%clk 0:03:04]} 43. Nd5
{[%clk 0:49:42]} b5+ {[%clk 0:02:26]} 44. Kb3 {[%clk 0:50:02]} Kd6
{[%clk 0:01:52]} 45. Nf6 {[%clk 0:50:09]} h4 {[%clk 0:01:52]} 46. gxh4
{[%clk 0:50:17]} bxc4+ {[%clk 0:01:53]} 47. Kxc4 {[%clk 0:50:43]} gxh4
{[%clk 0:02:09]} 48. Nh5 {[%clk 0:50:58]} a6 {[%clk 0:02:08]} 49. Nf4
{[%clk 0:51:04]} Kc6 {[%clk 0:01:34]} 50. Ng6 {[%clk 0:51:00]} 1-0